000 00327nam a22001217a 4500
003 SGT
082 _a891.4309
_bS05J
100 _aझा, प्रभात
245 _aशिल्पी : अंतिम प्रणाम
260 _bअर्चना प्रकाशन
_c2005
300 _a242
942 _2ddc
_cBK
999 _c31420
_d31420